Normal view
MARC view
- LIVINGSTONE, DAVID,
Entry Nombre Personal
001 - NUMERO DE CONTROL
- campo de control: 12021
003 - IDENTIFICADOR DE NUMERO DE CONTROL
- campo de control: UPN
005 - FECHA Y HORA DE LA ÜLTIMA TRANSACCIÓN
- campo de control: 20210219193801.0
008 - DATOS DE LONGITUD FIJA
- campo de control de longitud fija: nabaccnnaabn|||||||||| b |nc|||||d
035 ## - NUMERO DE CONTROL
- Número de control: UPN10000012028
040 ## - FUENTE DE CATALOGACIÓN
- Lenguaje de catalogación: SPA
- Agencia de transcripción: UPN
053 #4 - NÚMERO DE CLASIFICACIÓN LC
- Número de clasificación elemento-número único o número inicial de tramo: DT1110 L5.8
100 1# - ENCABEZAMIENTO - NOMBRE PERSONAL
- Nombre personal: LIVINGSTONE, DAVID,
- Fechas asociadas con el nombre: 1813-1873 -
- Subdivisión de forma: LITERATURA JUVENIL
670 ## - FUENTE EN LA QUE SE LOCALIZARON DATOS
- Cita de la fuente: LC
- Información localizada: Livingstone, David, 1813-1873 -Juvenile literature
902 ## - CATALOGADOR
- Catalogador: MCM/040309
